000 01604cam0 2200385 ib4500
001 BY-HR0000-br87897696
005 20251027113714.0
010 ^a978-5-9614-8882-1
^bв переплете
100 ^a20240905d2024 de y0rusy50 ca
101 1 ^arus
^ceng
102 ^aRU
105 ^aac z 000ay
109 ^ama
200 1 ^a13 сокровищ
^fМишель Харрисон
^gперевод с английского Д. Баймухаметовой
210 ^aМосква
^cАльпина. дети
^cАльпина Паблишер
^d2024
215 ^a347 c.
^cил., портр.
^d21 см
333 ^a12+
345 ^93000 экз.
532 1 1 ^aТринадцать сокровищ
608 ^aФЭНТЕЗИ (лит. произведение)
^3BY-NLB-ar59161
^2BYGNR
608 ^aРОМАН
^3BY-NLB-ar92012
^2BYGNR
606 ^aАМЕРИКАНСКАЯ ЛИТЕРАТУРА
^3BY-NLB-ar2286
^2DVNLB
606 ^aХУДОЖЕСТВЕННАЯ ЛИТЕРАТУРА
^3BY-NLB-ar37179
^2DVNLB
608 ^aДЕТСКАЯ И ЮНОШЕСКАЯ ЛИТЕРАТУРА (художеств. произведение)
^3BY-NLB-ar9019
^2BYGNR
686 ^a84(4Вел)-4
^2rubbk
690 ^a1
^2Base
^9BY-MI0000
^xRSEK
700 1 ^aХаррисон
^bМ.
702 1 ^aБаймухаметова
^bД.
^gДина
^3BY-SEK-ar5668347
^4730
801 0 ^aBY
^bBY-HR0000
^c20240905
^gRCR
801 2 ^aBY
^bBY-MI0000
^c20251021
^gRCR
035 ^a(BY-MI0000)BY-HR0000-br87897696
899 0 ^aBY-MI0000
^iХ21
^h84(4Вел)